[Event "Oberliga Baden 1819"]
[Site "Baden"]
[Date "2019.03.24"]
[Round "8.3"]
[White "Fiderer, Lukas"]
[Black "Eppinger, Georg"]
[Result "1-0"]
[WhiteElo "2295"]
[BlackElo "2204"]
[PlyCount "43"]
[EventDate "2018.10.21"]
[EventType "team-tourn"]
[EventRounds "9"]
[EventCountry "GER"]
[SourceTitle "EXT 2020"]
[Source "ChessBase"]
[SourceDate "2019.10.17"]
[SourceVersion "1"]
[SourceVersionDate "2019.10.17"]
[SourceQuality "1"]
[WhiteTeam "Baden-Baden III"]
[BlackTeam "Dreisamtal"]
[WhiteTeamCountry "GER"]
[BlackTeamCountry "GER"]

1. e4 c5 2. Nf3 Nc6 3. Bb5 g6 4. Bxc6 dxc6 5. d3 Bg7 6. 0-0 e5 7. a3 Qe7 8. b4 Bg4 9. bxc5 Qxc5 10. a4 Bxf3 11. Qxf3 Qxc2 12. Na3 Qc5 13. Nc4 b5 14. axb5 cxb5 15. Ra5 Rd8 16. Ba3 Qd4 17. Rxb5 Qxd3 18. Nd6+ Rxd6 19. Rb8+ Kd7 20. Qxf7+ Ne7 21. Rb7+ Kc8 22. Qxe7 1-0

[Event "Oberliga Baden 1718"]
[Site "Baden"]
[Date "2018.03.18"]
[Round "8.4"]
[White "Xheladini, Mahmut"]
[Black "Fiderer, Lukas"]
[Result "0-1"]
[WhiteElo "2196"]
[BlackElo "2296"]
[PlyCount "99"]
[EventDate "2017.10.08"]
[EventType "team-tourn"]
[EventRounds "9"]
[EventCountry "GER"]
[SourceTitle "EXT 2019"]
[Source "ChessBase"]
[SourceDate "2018.10.10"]
[SourceVersion "1"]
[SourceVersionDate "2018.10.10"]
[SourceQuality "1"]
[WhiteTeam "Dreilaendereck"]
[BlackTeam "Baden-Baden III"]
[WhiteTeamCountry "GER"]
[BlackTeamCountry "GER"]

1. e4 c5 2. Nf3 d6 3. Nc3 Nf6 4. Bc4 a6 5. a4 Nc6 6. h3 e6 7. Ba2 Be7 8. 0-0 0-0 9. Re1 Rb8 10. d4 cxd4 11. Nxd4 Nxd4 12. Qxd4 b5 13. axb5 axb5 14. b4 Nd7 15. Bb2 Ne5 16. Qd2 Qc7 17. Ne2 Bb7 18. Nd4 Ba8 19. Qe2 Qb6 20. Bb3 Bc6 21. Ra5 Bd7 22. Rea1 Rfc8 23. Ra6 Qd8 24. c3 Nc4 25. Bxc4 Rxc4 26. R1a5 Qc8 27. Ra1 Bf6 28. Nf3 Rxc3 29. Bxc3 Bxc3 30. R1a2 Bxb4 31. Nd4 e5 32. Nc2 Bc5 33. Ne3 b4 34. Nf5 Bxf5 35. exf5 b3 36. Rb2 Bd4 37. Rb1 b2 38. Rxd6 Qc1+ 39. Qf1 Qc5 40. Rd7 h6 41. Qd1 Qc6 42. Rxd4 exd4 43. Qd2 Qc3 44. Qf4 Rc8 45. Kh2 Qc2 46. f6 Qxb1 47. Qg4 Qg6 48. Qxc8+ Kh7 49. fxg7 Kxg7 50. Qh8+ 0-1

[Event "Oberliga Baden 1718"]
[Site "Baden"]
[Date "2017.11.12"]
[Round "3.4"]
[White "Fiderer, Lukas"]
[Black "Faerber, David"]
[Result "1/2-1/2"]
[WhiteElo "2296"]
[BlackElo "2164"]
[PlyCount "129"]
[EventDate "2017.10.08"]
[EventType "team-tourn"]
[EventRounds "9"]
[EventCountry "GER"]
[SourceTitle "EXT 2019"]
[Source "ChessBase"]
[SourceDate "2018.10.10"]
[SourceVersion "1"]
[SourceVersionDate "2018.10.10"]
[SourceQuality "1"]
[WhiteTeam "Baden-Baden III"]
[BlackTeam "Walldorf"]
[WhiteTeamCountry "GER"]
[BlackTeamCountry "GER"]

1. e4 c5 2. Nf3 e6 3. d4 cxd4 4. Nxd4 Nc6 5. Nc3 Qc7 6. Be2 Nf6 7. 0-0 Be7 8. Be3 0-0 9. f4 d6 10. Kh1 Nxd4 11. Qxd4 b6 12. Nb5 Qb8 13. Rad1 Ba6 14. a4 Rd8 15. f5 e5 16. Qc4 Qc8 17. Bg5 Qxc4 18. Bxc4 Rac8 19. b3 Bxb5 20. axb5 d5 21. Bxf6 Bxf6 22. Rxd5 Rxd5 23. exd5 Be7 24. g3 Kf8 25. Kg2 Rd8 26. Kf3 Bd6 27. Ke4 Ke7 28. g4 f6 29. h4 Rd7 30. Rg1 Kf8 31. g5 Rc7 32. Rh1 Rf7 33. Rf1 Rc7 34. Rf2 Rb7 35. Be2 Rc7 36. c4 Be7 37. Rg2 Bd6 38. Bh5 Bb4 39. Bg4 Bd6 40. Rd2 Bb4 41. Rd1 Bd6 42. Rh1 Bc5 43. Rh2 Bd6 44. Bh3 Be7 45. Rg2 Bd6 46. Rg1 Bc5 47. Rg4 Bd6 48. Rg2 Bc5 49. h5 Bd6 50. Rg3 Rb7 51. Bf1 Rc7 52. Be2 Rb7 53. Bf3 Rc7 54. Rg2 Rd7 55. Be2 Rc7 56. Bd3 Rb7 57. Kf3 fxg5 58. Rxg5 Rf7 59. Ke4 Ke7 60. Rg2 Kf6 61. Be2 Rf8 62. Rg1 Rf7 63. Bd3 Rf8 64. Be2 Rf7 65. Bd3 1/2-1/2

[Event "Verbandsliga Suedbaden 1617"]
[Site "Baden"]
[Date "2016.12.11"]
[Round "4.2"]
[White "Merkel, Gerd"]
[Black "Fiderer, Lukas"]
[Result "0-1"]
[WhiteElo "2142"]
[BlackElo "2296"]
[PlyCount "60"]
[EventDate "2016.10.09"]
[EventType "team-tourn"]
[EventRounds "9"]
[EventCountry "GER"]
[SourceTitle "EXT 2022"]
[Source "ChessBase"]
[SourceDate "2021.10.06"]
[SourceVersion "1"]
[SourceVersionDate "2021.10.06"]
[SourceQuality "1"]
[WhiteTeam "Hoerden"]
[BlackTeam "Baden Baden III"]
[WhiteTeamCountry "GER"]
[BlackTeamCountry "GER"]

1. d4 Nf6 2. c4 e6 3. Nf3 d5 4. cxd5 exd5 5. Nc3 c6 6. Bf4 Bf5 7. e3 Be7 8. Be2 Nbd7 9. h3 h6 10. 0-0 0-0 11. Ne5 Re8 12. a3 a5 13. Rc1 Bf8 14. Na4 Nxe5 15. Bxe5 Nd7 16. Bg3 b5 17. Nc5 Nxc5 18. dxc5 Qf6 19. Qd2 g6 20. a4 bxa4 21. Bd1 Re4 22. Bc7 Bg7 23. Ra1 Qxb2 24. Qxb2 Bxb2 25. Rxa4 Rc4 26. Rxc4 dxc4 27. Ba4 Rc8 28. Bd6 c3 29. Be5 Bd3 30. Re1 Bb5 0-1

[Event "BL2-Sued 1516"]
[Site "Germany"]
[Date "2016.03.13"]
[Round "8.5"]
[White "Beikert, Guenther"]
[Black "Fiderer, Lukas"]
[Result "1/2-1/2"]
[WhiteElo "2412"]
[BlackElo "2288"]
[PlyCount "115"]
[EventDate "2015.09.20"]
[EventType "team-tourn"]
[EventRounds "9"]
[EventCountry "GER"]
[SourceTitle "EXT 2017"]
[Source "ChessBase"]
[SourceDate "2016.10.25"]
[SourceVersion "1"]
[SourceVersionDate "2016.10.25"]
[SourceQuality "1"]
[WhiteTeam "Viernheim"]
[BlackTeam "Baden-Baden II"]
[WhiteTeamCountry "GER"]
[BlackTeamCountry "GER"]

1. e4 c5 2. Nf3 d6 3. Bc4 Nf6 4. d3 Nc6 5. c3 e6 6. Bb3 Be7 7. 0-0 0-0 8. Nbd2 b5 9. a3 Qc7 10. d4 c4 11. Bc2 e5 12. Re1 Bd7 13. Nf1 h6 14. Ne3 Rfe8 15. dxe5 dxe5 16. Nh4 Rad8 17. Qf3 Be6 18. Nhf5 Nh7 19. Qg3 g6 20. Nxh6+ Kh8 21. Nd5 Qb7 22. Nxe7 Rxe7 23. Ng4 Bxg4 24. Qxg4 Qd7 25. Qf3 Qe6 26. Be3 Red7 27. Rad1 Kg7 28. Rxd7 Rxd7 29. Rd1 Na5 30. Rxd7 Qxd7 31. h4 Nf6 32. Bh6+ Kxh6 33. Qxf6 Kh7 34. Qxe5 Qd2 35. Qxb5 Qe1+ 36. Kh2 Qxf2 37. Kh3 Qxc2 38. Qxa5 Qd3+ 39. Kh2 Qxe4 40. Qg5 Qe2 41. Qf4 Kg7 42. Qd4+ Kg8 43. a4 a6 44. Qd8+ Kg7 45. Qd6 Kg8 46. Qb8+ Kg7 47. a5 Qe4 48. Qg3 Qe2 49. Qf4 Kg8 50. Kh3 Qxb2 51. Qxc4 Qa1 52. Qxa6 Qxc3+ 53. Kh2 Qc7+ 54. Kh3 Qc3+ 55. g3 Qf3 56. Qb5 Qh1+ 57. Kg4 Qe4+ 58. Kh3 1/2-1/2

[Event "Oberliga Baden 1415"]
[Site "Baden"]
[Date "2015.02.22"]
[Round "7.5"]
[White "Fiderer, Lukas"]
[Black "Schulte, Torsten"]
[Result "1-0"]
[WhiteElo "2274"]
[BlackElo "2118"]
[PlyCount "147"]
[EventDate "2014.09.21"]
[EventType "team-tourn"]
[EventRounds "9"]
[EventCountry "GER"]
[SourceTitle "EXT 2016"]
[Source "ChessBase"]
[SourceDate "2015.10.08"]
[SourceVersion "1"]
[SourceVersionDate "2015.10.08"]
[SourceQuality "1"]
[WhiteTeam "Baden-Baden III"]
[BlackTeam "Eppingen II"]
[WhiteTeamCountry "GER"]
[BlackTeamCountry "GER"]

1. e4 e5 2. Nf3 Nc6 3. Bc4 Bc5 4. 0-0 Nf6 5. d3 d6 6. c3 Bb6 7. Nbd2 0-0 8. h3 a6 9. Bb3 Qe7 10. Re1 Be6 11. Bc2 Nd7 12. Nf1 f6 13. Be3 Bxe3 14. Nxe3 g6 15. d4 Bf7 16. Ng4 Kh8 17. Qd2 Be8 18. Ne3 Bf7 19. Nh2 Rac8 20. Nhg4 Nb6 21. b3 Be8 22. a4 a5 23. Rab1 exd4 24. Nd5 dxc3 25. Qxc3 Qg7 26. Nxb6 cxb6 27. Ne3 Bf7 28. Bd3 Ne5 29. Qd4 Nxd3 30. Qxd3 Rc6 31. Nd5 Bxd5 32. exd5 Rc5 33. Re6 Qc7 34. Qe3 Rxd5 35. Re7 Qd8 36. Rxb7 Re8 37. Qh6 Re7 38. Rxb6 Kg8 39. Rc6 Rde5 40. Qd2 d5 41. Rxf6 d4 42. Rd1 Rd7 43. Qf4 Red5 44. Rd3 Kg7 45. Re6 R7d6 46. Re4 Rf5 47. Qd2 Rfd5 48. g3 Qf6 49. Kg2 Rd7 50. Qf4 Qd8 51. h4 R7d6 52. Qg4 h5 53. Qe2 Rd7 54. Re6 R5d6 55. Qe5+ Kh7 56. Re8 Qf6 57. Qxa5 Rf7 58. Qd2 Rb6 59. Re4 Rd6 60. b4 Rc7 61. Rdxd4 Rxd4 62. Rxd4 Qc6+ 63. Kh2 Qxa4 64. Qf4 Qa7 65. Qe3 Rf7 66. Kg2 Qb7+ 67. Qe4 Qb6 68. Qd5 Rf5 69. Qd7+ Kh6 70. Qd8 Qc6+ 71. Kg1 Qc1+ 72. Rd1 Qc3 73. Qd2+ Qxd2 74. Rxd2 1-0

[Event "Karl Mala Memorial op-A 17th"]
[Site "Frankfurt"]
[Date "2014.08.02"]
[Round "5"]
[White "Donchenko, Alexander"]
[Black "Fiderer, Lukas"]
[Result "1-0"]
[WhiteElo "2499"]
[BlackElo "2273"]
[PlyCount "89"]
[EventDate "2014.07.31"]
[EventType "swiss"]
[EventRounds "7"]
[EventCountry "GER"]
[SourceTitle "EXT 2015"]
[Source "ChessBase"]
[SourceDate "2014.11.20"]
[SourceVersion "1"]
[SourceVersionDate "2014.11.20"]
[SourceQuality "1"]

1. Nf3 Nf6 2. g3 g6 3. Bg2 Bg7 4. 0-0 0-0 5. d4 d6 6. b3 Nc6 7. Bb2 e5 8. dxe5 Ng4 9. Qc1 Ngxe5 10. Nxe5 Nxe5 11. c4 Bg4 12. Nc3 Rb8 13. h3 Be6 14. Rd1 Nd7 15. Nd5 Bxb2 16. Qxb2 Bxd5 17. Bxd5 Qe7 18. e3 Rfe8 19. Bg2 Qf6 20. Qd2 Re7 21. Qa5 Nc5 22. Qxa7 Ree8 23. Qa5 Ra8 24. Qe1 Ra3 25. b4 Nd3 26. Qd2 Rea8 27. Be4 Nb2 28. Qd4 Qxd4 29. Rxd4 Rxa2 30. Rxa2 Rxa2 31. Bxb7 Ra4 32. c5 dxc5 33. bxc5 Rc4 34. Rd8+ Kg7 35. c6 Na4 36. Rd7 Nc5 37. Rxc7 Nxb7 38. cxb7 Rb4 39. e4 Kf6 40. f4 Rb2 41. g4 g5 42. fxg5+ Kxg5 43. Rxf7 Kh4 44. Rxh7+ Kg3 45. Kf1 1-0

[Event "Oberliga Baden 1314"]
[Site "Germany"]
[Date "2014.01.19"]
[Round "5.6"]
[White "Eidinger, Helmut"]
[Black "Fiderer, Lukas"]
[Result "0-1"]
[WhiteElo "2150"]
[BlackElo "2257"]
[PlyCount "52"]
[EventDate "2013.10.13"]
[EventType "team-tourn"]
[EventRounds "9"]
[EventCountry "GER"]
[SourceTitle "EXT 2015"]
[Source "ChessBase"]
[SourceDate "2014.11.20"]
[SourceVersion "1"]
[SourceVersionDate "2014.11.20"]
[SourceQuality "1"]
[WhiteTeam "Waldshut"]
[BlackTeam "Baden-Baden III"]
[WhiteTeamCountry "GER"]
[BlackTeamCountry "GER"]

1. e4 c5 2. Nf3 d6 3. d4 cxd4 4. Nxd4 Nf6 5. Nc3 g6 6. Be3 Bg7 7. f3 a6 8. Qd2 Nbd7 9. g4 b5 10. g5 Nh5 11. 0-0-0 Bb7 12. f4 Nc5 13. Bg2 b4 14. Nd5 e6 15. Nxb4 Nxe4 16. Bxe4 Bxe4 17. Rhe1 Qc7 18. Nb3 a5 19. Bd4 d5 20. Bxg7 Nxg7 21. Qd4 Qxf4+ 22. Kb1 0-0 23. Nc6 Qc7 24. Qc5 Rfe8 25. Nbd4 Rac8 26. Qa7 e5 0-1

[Event "Oberliga Baden 1314"]
[Site "Germany"]
[Date "2013.11.10"]
[Round "2.7"]
[White "Wuest, Hans Heiner"]
[Black "Fiderer, Lukas"]
[Result "0-1"]
[WhiteElo "2107"]
[BlackElo "2253"]
[PlyCount "142"]
[EventDate "2013.10.13"]
[EventType "team-tourn"]
[EventRounds "9"]
[EventCountry "GER"]
[SourceTitle "EXT 2015"]
[Source "ChessBase"]
[SourceDate "2014.11.20"]
[SourceVersion "1"]
[SourceVersionDate "2014.11.20"]
[SourceQuality "1"]
[WhiteTeam "Kirchheim"]
[BlackTeam "Baden-Baden III"]
[WhiteTeamCountry "GER"]
[BlackTeamCountry "GER"]

1. Nf3 Nf6 2. c4 e6 3. g3 d5 4. Bg2 dxc4 5. Qa4+ Nbd7 6. Qxc4 a6 7. 0-0 b5 8. Qc2 Bb7 9. d4 c5 10. Nbd2 Rc8 11. Qd1 Qb6 12. dxc5 Nxc5 13. Ne5 Bxg2 14. Kxg2 Bd6 15. Ndf3 0-0 16. Be3 Rfd8 17. Nd3 Qb8 18. Bxc5 Bxc5 19. Qb3 Be7 20. Rac1 Ne4 21. Rxc8 Rxc8 22. Rc1 Bf6 23. Qd1 h6 24. Rxc8+ Qxc8 25. Nd2 Nc5 26. b3 Qc6+ 27. Nf3 Ne4 28. Kg1 Nc3 29. Qc2 Qe4 30. Kf1 g5 31. h3 h5 32. a3 g4 33. hxg4 hxg4 34. Ng1 a5 35. e3 a4 36. bxa4 bxa4 37. Ne2 Qh1+ 38. Ng1 Qe4 39. Ne2 Qh1+ 40. Ng1 Qb7 41. Ne2 Qb5 42. Nb4 Kf8 43. Qd3 Qc6 44. Qc2 Qc4 45. Qd3 Qxd3 46. Nxd3 Ne4 47. Nd4 Ke7 48. Ke2 Kd6 49. Nb2 Nc5 50. Nc4+ Kc7 51. Nb5+ Kc6 52. Nd4+ Kd5 53. Nb6+ Ke4 54. f3+ gxf3+ 55. Nxf3 Bd8 56. Nd2+ Ke5 57. Nbc4+ Kd5 58. g4 Be7 59. Nb6+ Kc6 60. Nbc4 Kb5 61. Ne5 f6 62. Nef3 Nb3 63. Nb1 Kc4 64. Ne1 Nc5 65. Kd2 Kb3 66. Nc2 Ne4+ 67. Kc1 e5 68. Kd1 Nc3+ 69. Nxc3 Kxc3 70. Kc1 Kb3 71. e4 Bxa3+ 0-1

[Event "Oberliga Baden 1213"]
[Site "Baden"]
[Date "2013.04.14"]
[Round "9.4"]
[White "Fiderer, Lukas"]
[Black "Fernandez Aguado, Juan Luis"]
[Result "1-0"]
[WhiteElo "2265"]
[BlackElo "2292"]
[PlyCount "41"]
[EventDate "2012.10.14"]
[EventType "team-tourn"]
[EventRounds "9"]
[EventCountry "GER"]
[SourceTitle "EXT 2014"]
[Source "ChessBase"]
[SourceDate "2013.11.20"]
[SourceVersion "1"]
[SourceVersionDate "2013.11.20"]
[SourceQuality "1"]
[WhiteTeam "Baden-Baden III"]
[BlackTeam "Dreisamtal"]
[WhiteTeamCountry "GER"]
[BlackTeamCountry "GER"]

1. e4 d6 2. d4 Nf6 3. Nc3 e5 4. Nge2 Be7 5. f3 0-0 6. Be3 Nbd7 7. Qd2 Re8 8. g4 exd4 9. Nxd4 d5 10. g5 c5 11. gxf6 Nxf6 12. 0-0-0 cxd4 13. Bxd4 dxe4 14. fxe4 Qa5 15. Bc4 Be6 16. Bxe6 fxe6 17. Rhg1 g6 18. Rg5 Qc7 19. Rdg1 Rf8 20. Rxg6+ Kh8 21. Qh6 1-0

[Event "Bad Woerishofen op 29th"]
[Site "Bad Woerishofen"]
[Date "2013.03.08"]
[Round "8"]
[White "Kuhne, Detlev"]
[Black "Fiderer, Lukas"]
[Result "0-1"]
[WhiteElo "2155"]
[BlackElo "2259"]
[PlyCount "102"]
[EventDate "2013.03.01"]
[EventType "swiss"]
[EventRounds "9"]
[EventCountry "GER"]
[SourceTitle "CBM 153 Extra"]
[Source "ChessBase"]
[SourceDate "2013.04.22"]
[SourceVersion "1"]
[SourceVersionDate "2013.04.22"]
[SourceQuality "1"]

1. Nf3 Nf6 2. c4 g6 3. g3 Bg7 4. Bg2 0-0 5. 0-0 d6 6. d4 c6 7. Nc3 Qb6 8. b3 e5 9. dxe5 dxe5 10. e4 Bg4 11. Qc2 Re8 12. Be3 Qc7 13. h3 Bxf3 14. Bxf3 Nbd7 15. Rad1 Nf8 16. c5 Rad8 17. Rxd8 Rxd8 18. Rd1 Ne6 19. Rxd8+ Qxd8 20. Ne2 Qa5 21. Qc3 Qxa2 22. Qxe5 Nd7 23. Qd6 Ndxc5 24. Nf4 Bf8 25. Qb8 Qxb3 26. Nxe6 Nxe6 27. Qxa7 c5 28. Kg2 c4 29. Bg4 c3 30. Bxe6 fxe6 31. Qb8 Qb5 32. Qc8 Qc6 33. Qxc6 bxc6 34. Bc1 Kf7 35. Kf3 Bc5 36. Ke2 Bd4 37. f3 Ke7 38. Kd3 c5 39. Kc4 Kd6 40. Kb5 Bf2 41. Kc4 Be1 42. Kd3 Kc6 43. g4 Bd2 44. Bxd2 cxd2 45. Kxd2 g5 46. f4 gxf4 47. g5 Kd6 48. h4 e5 49. h5 Ke6 50. g6 hxg6 51. h6 Kf7 0-1

[Event "Bad Woerishofen op 29th"]
[Site "Bad Woerishofen"]
[Date "2013.03.04"]
[Round "4"]
[White "Fiderer, Lukas"]
[Black "Levin, Felix"]
[Result "0-1"]
[WhiteElo "2259"]
[BlackElo "2512"]
[PlyCount "67"]
[EventDate "2013.03.01"]
[EventType "swiss"]
[EventRounds "9"]
[EventCountry "GER"]
[SourceTitle "CBM 153 Extra"]
[Source "ChessBase"]
[SourceDate "2013.04.22"]
[SourceVersion "1"]
[SourceVersionDate "2013.04.22"]
[SourceQuality "1"]

1. e4 e5 2. Nf3 Nc6 3. Bb5 Nge7 4. Nc3 a6 5. Bc4 b5 6. Bb3 h6 7. Nd5 Ng6 8. 0-0 Na5 9. c3 Nxb3 10. Qxb3 d6 11. d4 Bg4 12. Nd2 Be6 13. Qc2 c6 14. Ne3 Be7 15. Nf3 Qc7 16. Rd1 Bc8 17. a4 Rb8 18. axb5 axb5 19. Nf5 0-0 20. b3 Re8 21. Ba3 Bxf5 22. exf5 Nf4 23. g3 Nd5 24. c4 bxc4 25. bxc4 Nf6 26. dxe5 dxe5 27. Re1 Bxa3 28. Rxa3 e4 29. Nd2 Qe5 30. Rae3 Rb2 31. Qc1 Reb8 32. Nxe4 Qxf5 33. Nxf6+ Qxf6 34. Qc3 0-1

[Event "Dresden ZMD op-A 21st"]
[Site "Dresden"]
[Date "2012.08.26"]
[Round "9"]
[White "Fiderer, Lukas"]
[Black "Kieslich, Aaron"]
[Result "1-0"]
[WhiteElo "2280"]
[BlackElo "2085"]
[PlyCount "101"]
[EventDate "2012.08.18"]
[EventType "swiss"]
[EventRounds "9"]
[EventCountry "GER"]
[SourceTitle "CBM 150 Extra"]
[Source "ChessBase"]
[SourceDate "2012.10.19"]
[SourceVersion "1"]
[SourceVersionDate "2012.10.19"]
[SourceQuality "1"]

1. e4 c5 2. Nf3 d6 3. d4 cxd4 4. Nxd4 Nf6 5. Nc3 a6 6. Rg1 e6 7. g4 d5 8. exd5 Nxd5 9. Nxd5 Qxd5 10. Be3 Be7 11. Qd2 0-0 12. Bg2 Qc4 13. b3 Qc7 14. c3 Rd8 15. Qc2 e5 16. Nf5 Bxf5 17. gxf5 e4 18. Bxe4 Bf6 19. Kf1 Nc6 20. Qe2 Qe5 21. Qg4 Re8 22. Bxc6 bxc6 23. Bd4 Qe7 24. Rg3 Bxd4 25. Qxd4 Qe2+ 26. Kg1 Qe5 27. Rd1 c5 28. Qxe5 Rxe5 29. f6 g6 30. Rgd3 Ree8 31. Rd7 h5 32. Rc7 Rac8 33. Rxc8 Rxc8 34. Rd6 c4 35. b4 a5 36. b5 a4 37. Ra6 Rb8 38. Rxa4 Rxb5 39. Rxc4 Rb6 40. a4 Rxf6 41. Kf1 Ra6 42. Ke2 Kf8 43. Kd3 Ke7 44. Rd4 Rf6 45. f4 Rf5 46. Kc4 g5 47. fxg5 Rxg5 48. h4 Rg1 49. a5 Ra1 50. Kb5 Rb1+ 51. Rb4 1-0

[Event "Dresden ZMD op-A 21st"]
[Site "Dresden"]
[Date "2012.08.19"]
[Round "2"]
[White "Fiderer, Lukas"]
[Black "Jaracz, Pawel"]
[Result "0-1"]
[WhiteElo "2280"]
[BlackElo "2530"]
[PlyCount "79"]
[EventDate "2012.08.18"]
[EventType "swiss"]
[EventRounds "9"]
[EventCountry "GER"]
[SourceTitle "CBM 150 Extra"]
[Source "ChessBase"]
[SourceDate "2012.10.19"]
[SourceVersion "1"]
[SourceVersionDate "2012.10.19"]
[SourceQuality "1"]

1. e4 g6 2. d4 Bg7 3. Nf3 d6 4. Nc3 a6 5. a4 Nf6 6. Be2 0-0 7. 0-0 Bg4 8. Be3 Nc6 9. d5 Bxf3 10. Bxf3 Ne5 11. Be2 c6 12. f4 Ned7 13. Bf3 Qa5 14. Ra3 Rac8 15. Qd2 Rfe8 16. Rb1 h5 17. h3 cxd5 18. exd5 Nh7 19. Bd4 Rc4 20. Bxg7 Kxg7 21. Kh1 Nhf6 22. Be2 Rc7 23. b4 Qb6 24. a5 Qa7 25. Bd3 Qd4 26. b5 Nxd5 27. Nxd5 Qxd5 28. bxa6 bxa6 29. Qe2 Nc5 30. Bc4 Qf5 31. Rf1 Rc6 32. Re3 e6 33. g4 hxg4 34. hxg4 Rh8+ 35. Kg2 Qf6 36. Rh3 Rxh3 37. Kxh3 Rc8 38. Kg2 Rh8 39. Qf3 Qh4 40. Rf2 0-1

[Event "Bodensee-Cup 18th"]
[Site "Lindau"]
[Date "2012.05.06"]
[Round "3.10"]
[White "Fiderer, Lukas"]
[Black "Kvetny, Mark"]
[Result "1-0"]
[WhiteElo "2223"]
[BlackElo "2155"]
[PlyCount "127"]
[EventDate "2012.05.04"]
[EventType "team-tourn"]
[EventRounds "3"]
[EventCountry "GER"]
[SourceTitle "EXT 2015"]
[Source "ChessBase"]
[SourceDate "2014.11.20"]
[SourceVersion "1"]
[SourceVersionDate "2014.11.20"]
[SourceQuality "1"]
[WhiteTeam "Baden"]
[BlackTeam "Wuerttemberg"]
[WhiteTeamCountry "GER"]
[BlackTeamCountry "GER"]

1. e4 c5 2. Nf3 d6 3. d4 cxd4 4. Nxd4 Nf6 5. Nc3 a6 6. Be2 e5 7. Nb3 Be7 8. 0-0 0-0 9. Re1 Be6 10. Bf3 a5 11. a4 Na6 12. Nd2 Rc8 13. Nf1 Nb4 14. Ne3 Qb6 15. Re2 Nc6 16. Nb5 Nd4 17. Nxd4 exd4 18. Nf5 Bxf5 19. exf5 Rfe8 20. Bg5 h6 21. Bh4 Qxb2 22. Rb1 Qc3 23. Rxb7 d3 24. cxd3 Qxd3 25. Qxd3 Rc1+ 26. Re1 Rxe1+ 27. Qf1 Rxf1+ 28. Kxf1 d5 29. Bxf6 Bxf6 30. Bxd5 Re7 31. Rb8+ Kh7 32. g4 h5 33. h3 hxg4 34. hxg4 Bg5 35. Rf8 g6 36. fxg6+ fxg6 37. f4 Bh6 38. Rf6 Rd7 39. Be4 Rd4 40. Bxg6+ Kg7 41. g5 Rxa4 42. Bh5 Bxg5 43. fxg5 Rb4 44. Rf7+ Kg8 45. Rf5 a4 46. Bf7+ Kg7 47. g6 Rb1+ 48. Ke2 a3 49. Ra5 Rb2+ 50. Kd3 Rg2 51. Kc3 a2 52. Kb3 Rg3+ 53. Kxa2 Rg2+ 54. Kb3 Rg3+ 55. Kc4 Rg4+ 56. Kd3 Rg3+ 57. Ke4 Rg4+ 58. Kf5 Rg1 59. Ra4 Rf1+ 60. Rf4 Ra1 61. Kg5 Rg1+ 62. Rg4 Re1 63. Bc4 Rd1 64. Be6 1-0

[Event "Neckar op-A 16th"]
[Site "Deizisau"]
[Date "2012.04.08"]
[Round "7"]
[White "Fiderer, Lukas"]
[Black "Kurmann, Oliver"]
[Result "1/2-1/2"]
[WhiteElo "2223"]
[BlackElo "2458"]
[PlyCount "32"]
[EventDate "2012.04.05"]
[EventType "swiss"]
[EventRounds "9"]
[EventCountry "GER"]
[SourceTitle "CBM 147 Extra"]
[Source "ChessBase"]
[SourceDate "2012.04.24"]
[SourceVersion "1"]
[SourceVersionDate "2012.04.24"]
[SourceQuality "1"]

1. e4 c5 2. Nf3 e6 3. d4 cxd4 4. Nxd4 a6 5. Nc3 b5 6. Bd3 Qb6 7. Nf3 Qc7 8. 0-0 Bb7 9. Qe2 Be7 10. e5 f5 11. a4 b4 12. Nb1 Nc6 13. Re1 Nh6 14. Nbd2 Nf7 15. Nc4 a5 16. Bf4 0-0 1/2-1/2

[Event "Vienna op 17th"]
[Site "Vienna"]
[Date "2011.08.16"]
[Round "4"]
[White "Zeller, Frank"]
[Black "Fiderer, Lukas"]
[Result "1-0"]
[WhiteElo "2395"]
[BlackElo "2183"]
[PlyCount "69"]
[EventDate "2011.08.13"]
[EventType "swiss"]
[EventRounds "9"]
[EventCountry "AUT"]
[SourceTitle "CBM 143 Extra"]
[Source "ChessBase"]
[SourceDate "2011.08.29"]
[SourceVersion "1"]
[SourceVersionDate "2011.08.29"]
[SourceQuality "1"]

1. e4 e5 2. Nf3 Nc6 3. Bc4 Bc5 4. b4 Bxb4 5. c3 Bd6 6. d4 Nf6 7. 0-0 0-0 8. Re1 b6 9. Nbd2 Bb7 10. Nf1 Na5 11. Bd3 Re8 12. Bg5 h6 13. Bh4 Be7 14. Nxe5 d5 15. exd5 Bxd5 16. Ne3 Be6 17. Qf3 Nd7 18. Bxe7 Qxe7 19. Nxd7 Bxd7 20. Re2 Qg5 21. Rae1 Bc6 22. d5 Bd7 23. g3 Nb7 24. h4 Qe5 25. Ng4 Qd6 26. Ne5 Rf8 27. Qe4 g6 28. Qf4 Nc5 29. Qxh6 Nxd3 30. Nxd3 Bb5 31. Re6 Qxd5 32. Nf4 Qf5 33. Nxg6 fxe6 34. Ne7+ Kf7 35. Nxf5 1-0

[Event "Bad Woerishofen op 27th"]
[Site "Bad Woerishofen"]
[Date "2011.03.26"]
[Round "4"]
[White "Fiderer, Lukas"]
[Black "Braun, Christian1"]
[Result "1-0"]
[WhiteElo "2154"]
[BlackElo "2383"]
[PlyCount "38"]
[EventDate "2011.03.24"]
[EventType "swiss"]
[EventRounds "9"]
[EventCountry "GER"]
[SourceTitle "EXT 2012"]
[Source "ChessBase"]
[SourceDate "2011.11.24"]
[SourceVersion "1"]
[SourceVersionDate "2011.11.24"]
[SourceQuality "1"]

1. e4 e6 2. d4 d5 3. Nc3 Nf6 4. Bg5 Be7 5. e5 Nfd7 6. h4 c5 7. Bxe7 Kxe7 8. Nf3 cxd4 9. Qxd4 Qb6 10. Qd2 h6 11. 0-0-0 Nc6 12. Re1 Qa5 13. Rh3 Nb6 14. Nd4 Nxd4 15. Qxd4 Bd7 16. b4 Qa3+ 17. Kb1 Nc4 18. Nxd5+ exd5 19. Rxa3 Nxa3+ 1-0

[Event "Bad Woerishofen op 27th"]
[Site "Bad Woerishofen"]
[Date "2011.03.25"]
[Round "2"]
[White "Fiderer, Lukas"]
[Black "Siebrecht, Sebastian"]
[Result "0-1"]
[WhiteElo "2154"]
[BlackElo "2435"]
[PlyCount "110"]
[EventDate "2011.03.24"]
[EventType "swiss"]
[EventRounds "9"]
[EventCountry "GER"]
[SourceTitle "EXT 2012"]
[Source "ChessBase"]
[SourceDate "2011.11.24"]
[SourceVersion "1"]
[SourceVersionDate "2011.11.24"]
[SourceQuality "1"]

1. e4 g6 2. d4 Bg7 3. Nf3 c5 4. dxc5 Qa5+ 5. c3 Qxc5 6. Na3 d6 7. Bc4 Nf6 8. Be3 Qc7 9. Ng5 0-0 10. Qb3 e6 11. Nb5 Qe7 12. Nxa7 d5 13. Nxc8 Rxc8 14. exd5 exd5 15. Bxd5 Nxd5 16. Qxd5 Nc6 17. 0-0 Ra5 18. Qb3 Rxg5 19. Bxg5 Qxg5 20. Qxb7 Qf5 21. a4 h5 22. a5 Be5 23. a6 Rc7 24. Qb6 Qf4 25. g3 Qf6 26. Qe3 Ra7 27. Ra4 Kg7 28. h4 Bb8 29. Qg5 Qe6 30. Qe3 Qb3 31. Rb4 Nxb4 32. Qd4+ Kh7 33. Qb6 Qd5 34. cxb4 Ra8 35. b5 Be5 36. Qa5 Bxb2 37. Qb4 Be5 38. Rb1 Kg7 39. b6 Rxa6 40. b7 Bb8 41. Qc3+ Kh7 42. Qb3 Qxb3 43. Rxb3 Kg7 44. Kg2 Kf6 45. Kf3 Ke7 46. Ke4 Kd6 47. Kf4 Ra5 48. f3 Kc6+ 49. Ke3 Ra4 50. Kf2 Ra7 51. g4 Rxb7 52. Rc3+ Kd5 53. gxh5 gxh5 54. Ra3 Rb5 55. Ke3 Bd6 0-1